Statistiken für Militärische Alphabetcodes Quiz

Klicken Sie hier um das Quiz zu spielen!

Allgemein

  • Dieses Quiz wurde 1,713 mal gespielt
  • Das Durchschnittsergebnis liegt bei 12 aus 26

Antwortstatistiken

Buchstabe Code % Korrekt
AAlfa
94%
BBravo
83%
CCharlie
80%
DDelta
77%
FFoxtrot
65%
KKilo
52%
EEcho
49%
TTango
47%
ZZulu
45%
UUniform
43%
IIndia
41%
XX-Ray
39%
LLima
39%
HHotel
39%
YYankee
37%
GGolf
36%
SSierra
34%
WWhiskey
33%
QQuebec
33%
RRomeo
32%
JJuliet
32%
PPapa
31%
OOscar
30%
VVictor
29%
MMike
28%
NNovember
28%

Verteilung der Resultate

Perzentil nach korrekt beantworteten Fragen

Anzahl Personen mit jedem Resultat

Ihre Resultats-Entwicklung

Sie haben dieses Quiz noch nicht gespielt